000 00479nam a2200169Ia 4500
003 GCL
008 140319s9999 xx 000 0 eng d
040 _aGCL /
_cGCL
082 0 4 _a796.01
_bC S
100 1 _aCOX, RICHARD H.
245 1 0 _aSPORT PSYCHOLOGY:CONCEPTS AND APPLICATIONS /
_cCOX, RICHARD H.
260 _a[S.N] :
_bBROWN AND BENCHMANK PUBBISERS ،
_c1994
650 0 4 _aالحضارة الفرعونية
650 0 4 _aSPORTS
650 0 4 _aATHLETES
942 _2ddc
_cBK
999 _c12317
_d12317